Física i y ii : información complementaria, ejemplos y actividades /

Guardado en:
Autor Principal: Rela, Agustín
Otros Autores: Sztrajman, Jorge
Formato: Libro
Publicado: Buenos Aires : Aique, 1999
Materias:
Etiquetas: Agregar Etiqueta
Sin Etiquetas, Sea el primero en etiquetar este registro!
LEADER 01154nam a22002895a 4500
001 CEM.cems017898
005 20121113113905.0
008 130507s1999##################000#0#####d
003 CEMS
020 |a 9507015523 
082 0 4 |a 530 
100 1 |a Rela, Agustín 
245 1 0 |a Física i y ii :  |b información complementaria, ejemplos y actividades /  |c Agustín Rela y Jorge Sztrajman 
260 |a Buenos Aires :  |b Aique,  |c 1999 
300 |a 48 p. 
500 |a Material para profesores 
505 0 |a Mecánica, ondas y calor -- Estática -- Cinemática -- Dinámica -- Leyes de conservación -- Gravedad -- Hidrostática -- Ondas -- Calor -- Optica, electricidad y magnetismo -- Optica geométrica -- Optica física -- Electrostática -- Circuitos eléctricos -- Magnetismo -- Inducción electromagnética -- Estructura de la materia -- Estructura del universo 
653 |a Física 
653 |a Física-actividades 
653 |a Mecánica 
653 |a Ondas 
653 |a Calor 
653 |a Optica 
653 |a Electricidad 
653 |a Magnetismo 
700 1 |a Sztrajman, Jorge 
859 |a CEMS  |b BIB. CEMS - Agricultura  |h 530  |i R279-1  |p A1622.12  |t Ej.1